000
00270nam a2200097Ia 4500
082
_a
330|ILLE
245
0
_a
Starting your own business
100
_a
Illetschko, Kurt South Africa, 2011 1st ed
_9
68977
942
_c
BK
008
210817s9999 xx 000 0 und d
999
_c
222888
_d
222887